000 00397nam a2200181Ia 4500
003 0100
008 130227s9999 xx 000 0 und d
040 _cARRUPELIB
050 _aBJ1012.H84 1978
100 _aVesey, Godfrey
245 _aHuman values
260 _aSussex
260 _bThe Harvester Press
260 _C1978
300 _axviii
300 _b 231p. 22cm.
942 _2lcc
_01
999 _c4567
_d4567